| 000 | 00421nam a2200157Ia 4500 | ||
|---|---|---|---|
| 003 | GCL | ||
| 008 | 140319s9999 xx 000 0 eng d | ||
| 040 |
_aGCL / _cGCL |
||
| 082 | 0 | 4 |
_a953 _bS I |
| 100 | 1 | _aSHARAN, M. A. | |
| 245 | 1 | 0 |
_aISLAMIC HISTORY: A NEW INTERPRETATION / _cSHARAN, M. A. |
| 260 |
_a[S.N] : _bCAMBRIDGE UNIVERSITY PRESS ، _c1988 |
||
| 650 | 0 | 4 | _aISLAMIC EMPIRE |
| 650 | 0 | 4 | _aHISTORY |
| 942 |
_2ddc _cBK |
||
| 999 |
_c24583 _d24583 |
||